| 000 | 01200nam a2200217Ia 4500 | ||
|---|---|---|---|
| 003 | Ost | ||
| 005 | 20260507075632.0 | ||
| 008 | 260507s9999||||xx |||||||||||||| ||und|| | ||
| 040 | _cfsecg | ||
| 041 | _aara | ||
| 082 | _a657.7 | ||
| 100 |
_aمحرم، زينات محمد _eمؤلف |
||
| 245 | 0 |
_aالمحاسبة الادارية و نماذج بحوث العمليات في اتخاذ القرارات / _c زينات محمد محرم |
|
| 260 |
_aالاسكندرية: _bالدار الجامعية, _c2001 |
||
| 300 |
_a253 صفحة؛ _c24 سم |
||
| 520 | _aمقدمة في المحاسبة الإدارية ،إتخاذ القرارات ،تخطيط الإنتاج والارباحوالعلاقاة بين التكلفة والحجم والربح ،الموازانات التقديرية التشغلية ، نمذج البرمجة الخطية ،البرامج العددية نظرية المباريات،البرمجة الدينامكية ،النظرة الإحصائية للقرارات | ||
| 653 | _aالمحاسبة الإدارية | ||
| 653 | _aبحوث العمليات | ||
| 700 |
_aجمعة، اسماعيل ابراهيم _eمؤلف ثانوي |
||
| 942 | _cكتاب | ||
| 999 |
_c45228 _d45228 |
||